Historia de las instituciones políticas y sociales argentinas y americanas /
Guardado en:
| Autor Principal: | |
|---|---|
| Formato: | Libro |
| Publicado: |
Buenos Aires :
Stella,
1957
|
| Edición: | 13a. ed. |
| Materias: | |
| Etiquetas: |
Agregar Etiqueta
Sin Etiquetas, Sea el primero en etiquetar este registro!
|
| LEADER | 00560nam a22001935a 4500 | ||
|---|---|---|---|
| 001 | CEM.cems000717 | ||
| 005 | 20060210000000.0 | ||
| 008 | 130507s1957##################000#0#####d | ||
| 003 | CEMS | ||
| 082 | 0 | 4 | |a 982 |
| 100 | 1 | |a Arriola, Francisco | |
| 245 | 1 | 0 | |a Historia de las instituciones políticas y sociales argentinas y americanas / |
| 250 | |a 13a. ed. | ||
| 260 | |a Buenos Aires : |b Stella, |c 1957 | ||
| 300 | |a 335 p. | ||
| 653 | |a Argentina | ||
| 653 | |a Historia | ||
| 653 | |a Historia de america | ||
| 859 | |a CEMS |b BIB. CEMS - 11 de abril |h 982 |i Ar69a13/I |p 9240.81 |t Ej.1 | ||
